Potential ‘COVID’ Financial Crisis and Impending Stock Market Crash?

Analýza súčasnej socio-ekonomickej situácie v rámci hospodárskej recesie zapríčinenej pandémiou COVID-19. Dopad koronavírusu na akciové trhy a konkurenčné prostredie. Diskusia o najvýznamnejších faktoroch, ktoré môžu vyvolať finančnú krízu, prípadne krach na akciovom trhu. Hospodárske prognózy po ro...

Full description

Saved in:
Bibliographic Details
Main Author: Šimek, Libor
Other Authors: Cempírek, Václav
Format: Book Chapter
Language:English
Subjects:
Tags: Add Tag
No Tags, Be the first to tag this record!

MARC

LEADER 00000naa a2200000 4500
001 0273117
005 20210419093027.2
041 0 |a eng 
044 |a CZ 
245 1 0 |a Potential ‘COVID’ Financial Crisis and Impending Stock Market Crash?  |c Libor Šimek, Václav Cempírek 
520 |a Analýza súčasnej socio-ekonomickej situácie v rámci hospodárskej recesie zapríčinenej pandémiou COVID-19. Dopad koronavírusu na akciové trhy a konkurenčné prostredie. Diskusia o najvýznamnejších faktoroch, ktoré môžu vyvolať finančnú krízu, prípadne krach na akciovom trhu. Hospodárske prognózy po roku 2020. 
610 2 0 |a koronavírus 
610 2 0 |a kríza finančná 
610 2 0 |a trh akciový 
610 2 0 |a recesia 
100 1 |a Šimek, Libor 
700 1 |a Cempírek, Václav